[Event "ISR-chT"]
[Site "Israel"]
[Date "1999.04.30"]
[Round "10"]
[White "Tsesarsky, Ilya"]
[Black "Manor, Ilan"]
[Result "1-0"]
[WhiteElo "2430"]
[BlackElo "2513"]
[Annotator "Tsesarsky,I"]
[PlyCount "101"]
[EventDate "1999.01.??"]
[EventType "team"]
[EventRounds "11"]
[EventCountry "ISR"]
[SourceTitle "CBM 070"]
[Source "ChessBase"]
[SourceDate "1999.06.08"]
[SourceVersion "1"]
[SourceVersionDate "1999.06.08"]
[SourceQuality "1"]

{[%mdl 20516]} 1. Nf3 Nf6 2. c4 e6 3. Nc3 c5 4. g3 d5 5. cxd5 exd5 6. d4 Nc6 7.
Bg2 Be7 8. O-O O-O 9. dxc5 Bxc5 10. Bg5 d4 11. Bxf6 Qxf6 12. Nd5 Qd8 13. Nd2
Re8 14. Rc1 Bb6 (14... Bf8 15. Nb3 $14) 15. Nc4 Bg4 (15... Be6 16. Nf4 Bf5 17.
Re1 Rc8 18. a3 Be4 19. Bxe4 Rxe4 20. Qd3 Re8 21. Qf3 a6 22. Nd3 $14 {1-0
Psakhis,L-Lputian,S/USSR (ch) 1985/Inf 39 (57)}) 16. Re1 h6 $146 (16... Bc5 17.
a3 a6 (17... Bf8 18. b4 Rc8 19. Nf4 b5 20. Nb2 Ne5 21. Rxc8 Bxc8 22. Nd5 Nc6
23. Qd3 a6 24. Rc1 Bb7 25. Qd2 Re6 26. Nd3 $14 {1/2-1/2 Burtman,S-Thipsay,B/
Kishinev ztW ,EXT 1995 (51)}) 18. b4 Ba7 19. Qd2 Rc8 20. Nb2 (20. Qf4 Be6 21.
Qd6 b5 22. Qxd8 Rcxd8 23. Nc7 Bxc4 (23... Re7 24. Nxe6 Rxe6 25. Nb2 Ne5 26. h3
$14) 24. Nxe8 Ne5 25. Nc7 d3 26. Red1 Ng4 27. exd3 (27. e3 Nxe3 28. fxe3 Bxe3+
29. Kh1 Bxc1 30. Rxc1 d2 $19) 27... Bxf2+ 28. Kh1 Be3 (28... Bb6 29. Rf1 Rxd3
30. Rce1 g5 $132 {1/2-1/2 Bystrov,S-Timoshenko,A/corr 1991 (40)}) 29. Be4 Bxc1
30. Rxc1 Nf2+ 31. Kg2 Nxd3 $17) 20... Bf5 21. Nf4 Be4 22. Nbd3 Bxg2 23. Kxg2
Qe7 24. Nc5 Bxc5 25. Rxc5 Rcd8 26. Nd3 $132 {1-0 Vaisser,A-Frey,K/Havana 1985 
(52)}) (16... Ba5 17. b4 $1 (17. Nxa5 $6 Qxa5 18. b4 Nxb4 19. Qd2 (19. Qxd4
Nxd5 20. Qxg4 (20. Qxd5 Qxd5 21. Bxd5 Rad8 22. Bxb7 Rxe2 $11 {1/2-1/2
Prokopchuk,E-Potkin,V/Moscow RUS 1999 (38)}) 20... Rad8 21. Red1 Nf6 22. Qc4 b5
$11 {1-0 Milov,V-Haag,M/Suncoast AUS 1999 (37)}) 19... Nc6 20. Qxa5 Nxa5 21.
Nc7 (21. f3 Bf5 22. Nc7 d3 23. Rcd1 d2 24. Rxd2 Rad8 25. Rxd8 Rxd8 26. e4 Be6
27. Nxe6 fxe6 28. Rc1 $132) 21... d3 $1 22. exd3 (22. Rb1 d2 23. Red1 Bxe2 24.
Rxd2 Rad8 $17) (22. Nxe8 d2 23. Nd6 Be6 24. Red1 dxc1=Q 25. Rxc1 Rb8 26. f4 g6
27. a3 b5 $132 {1/2-1/2 Sobek,J-Orsag,M/CZE-chT 1994 (55)}) 22... Rxe1+ 23.
Rxe1 Rd8 $11 (23... Rc8 24. Nb5 g6 25. Nxa7 Rc2 26. a4 Be2 27. Be4 f5 28. Bd5+
Kg7 29. Nb5 {1/2-1/2 Legky,N-Annakov,B/RUS Army-ch 1995 (29)})) 17... Bxb4 18.
Nxb4 Nxb4 19. Qb3 a5 20. a3 Nd5 21. Qxb7 Be6 22. Qb2 (22. Red1 $14) 22... Nc3
23. Bxa8 Qxa8 24. Ne5 $14 {0-1 Von Herman,B-Breutigam,M/Berlin Steglitz-ch
1987/EXT 87ch2 (42)} (24. Nd6 $1 Rb8 (24... Rd8 25. Qb6 $18) 25. Qd2 $16)) (
16... d3 $2 17. Qxd3 Nd4 18. Ncxb6 (18. e3 Nf3+ 19. Bxf3 Bxf3 20. e4 $16) 18...
Nxe2+ 19. Qxe2 Rxe2 20. Nxa8 Rxe1+ 21. Rxe1 $18 {1-0 Ross,D-Caceres Cortes,J/
Quebec Inv 1992 (30)}) (16... Rc8 17. a3 (17. h3 Be6 18. Ncxb6 (18. Nf4 Bf5 19.
Qd2 Bc7 20. b4 Qd7 21. b5 Nd8 22. b6 axb6 23. Nd5 Re6 (23... Bxh3 24. Ncxb6
Bxb6 25. Nxb6 Rxc1 26. Nxd7 Rxe1+ 27. Qxe1 Bxd7 28. Qd2 $16) 24. Qxd4 b5 25.
Nce3 $16) 18... axb6 19. e4 $14) 17... Bc7 18. h3 Be6 (18... Bxh3 19. Nxc7 $18)
19. Nxc7 Rxc7 20. Nd2 Qd7 21. Kh2 Bd5 22. Nf3 Rcc8 23. Qa4 a6 24. Rc5 $14 {
1-0 Tolonen,L-Kilpela,P/Jyvaskyla ,EXT 1994 (45)}) (16... Be6 17. Nf4 Rc8 18.
Nxe6 fxe6 19. a3 Bc7 20. Qd3 Bb8 21. Be4 g6 22. h4 Qf6 23. Qf3 Qxf3 24. Bxf3
$14 {1-0 Faldt,M-Svensson,S/Swedish tt ch 1995 (49)}) 17. h3 (17. b4 Be6 18.
Ndxb6 axb6 19. b5 Nb4 20. Bxb7 Rxa2 21. Bc6 Nxc6 22. bxc6 Bg4 23. f3 Bh3 $132)
(17. a3 Bc7 18. b4 $14) 17... Bf5 18. a3 Be4 19. Bxe4 Rxe4 20. Ndxb6 axb6 21.
Qb3 (21. Qd3 Re6 22. Qb3 Qd5 23. Qxb6 Rae8 24. Qxb7 Rxe2 25. Rxe2 Rxe2 26. Qc8+
Kh7 27. Qg4 d3 $44) 21... Qd5 (21... Qg5 22. Qf3 (22. Qd3 Rae8 23. Nxb6 (23.
Nd6 Re3 24. Nxe8 Rxd3 25. exd3 Ne5 26. Red1 (26. Rc8 Kh7 27. Re4 Qh5 $1 (27...
Nxd3 28. Rg4 Qf5 29. Rxg7+ Kh8 30. Rxf7 $3 Qxc8 (30... Qxf7 31. Nd6+ Qg8 32.
Nf7+ Kg7 33. Rxg8+ Kxg8 34. Nxh6+ Kh7 35. Nf5 $18) 31. Rf8+ Kh7 32. Nf6+ Kg7
33. Rxc8 $18) 28. Rd8 (28. Nd6 Qd1+ 29. Kh2 Nxd3 30. Rxd4 Qf3 $19) 28... Qd1+
29. Kg2 Qf3+ 30. Kg1 Nxd3 $19) 26... Nxd3 27. Rc8 Kh7 28. Rc2 (28. Rxd3 Qf5 $19
) 28... Ne5 $17) 23... Re3 $1 $17) 22... Re6 (22... Rae8 23. Nd6 $18) 23. Nxb6
$16) 22. Nd2 {The difficult decision.} ({Alternative was} 22. Qxb6 Rae8 23. e3
(23. Qxb7 Rxe2 24. Rxe2 Rxe2 25. Nb6 Qf3 26. Rf1 Rxb2 27. Qc8+ Kh7 28. Nd7 g6
$17) 23... d3 (23... Ne5 $1 24. Nxe5 R8xe5 $1 $14 (24... Qxe5 25. Qxb7 dxe3 26.
Kg2 $1 $16) 25. Red1 (25. Rc8+ $1 Kh7 26. Rd1 $4 (26. Rd8 Qc6 27. Qxc6 bxc6 28.
b4 dxe3 29. f3 (29. Kg2 exf2 30. Rxe4 Rxe4 31. Rd6 Re3 32. Kxf2 Rxa3 33. Rxc6
Rb3 $11) 29... Rc4 30. Rd3 e2 31. Kf2 Rc2 $14) 26... Rxe3 $1 27. fxe3 Rxe3 $19)
25... Rxe3 26. fxe3 Qf3 $1 (26... Rxe3 27. Rd2 $8 Rxg3+ 28. Kh2 Rxh3+ 29. Kxh3
Qf3+ 30. Kh2 (30. Kh4 g5#) 30... Qh5+ 31. Kg1 Qg5+ 32. Kh1 Qxd2 33. Ra1 (33.
Rc8+ Kh7 34. Qxb7 Qe1+ $11) 33... Qe3 34. Qd8+ Kh7 35. Qh4 d3 36. Rf1 $16) 27.
Qd8+ Kh7 28. Qh4 Qxe3+ 29. Kg2 Qe2+ 30. Kg1 $11) 24. Nd2 R4e6 (24... Nd4 25.
Rc5 Qd7 26. Kg2 Nc2 27. Rxc2 (27. Rf1 Rxe3 $1 28. fxe3 Nxe3+ $19) (27. Rh1
Nxe3+ 28. Kh2 Nd5 $17) 27... dxc2 28. Nxe4 Qd5 29. f3 Rxe4 30. fxe4 Qd2+ 31.
Kf1 Qxe1+ 32. Kxe1 c1=Q+ 33. Kf2 Qd2+ 34. Kf3 Qd1+ 35. Kf4 Qf1+ 36. Ke5 Qxh3
37. Qxb7 Qxg3+ 38. Kd5 $16) (24... Ne5 25. Rc5 Qd7 26. Qb5 $18) 25. Rc5 Qd7 26.
Kg2 $16) 22... Qxb3 23. Nxb3 Rae8 $6 (23... Re5 24. Nd2 Rae8 (24... Rb5 25. Nc4
Rb3 26. Red1 b5 27. Nb6 Re8 28. Rc2 $16) (24... Rc5 25. Nc4 Ra6 26. b4 Rd5 27.
e4 dxe3 28. Nxe3 Re5 29. f4 Re6 30. b5 Rxa3 31. bxc6 Raxe3 32. Rxe3 Rxe3 33.
cxb7 $18) 25. Kf1 $14) 24. Kf1 f5 25. Rcd1 Rd8 26. Rd2 (26. Nc1 g5 27. Nd3 $14)
26... f4 27. g4 Re5 28. Red1 Red5 29. Rd3 (29. Nc1 g5 30. Nd3 $14) 29... h5 30.
gxh5 $1 Rxh5 31. Nxd4 Ne5 32. Ne6 $1 (32. Rc3 Nc6 33. Rcd3 Ne5 $11) 32... Rxd3
$2 $16 (32... Nxd3 $1 33. Nxd8 Nxb2 34. Rd7 (34. Rb1 Nc4 35. Rb4 Nxa3 36. Rxb6
Rxh3 37. Rxb7 $11) 34... Rxh3 35. Ne6 Rxa3 36. Rxg7+ Kh8 37. Rf7 f3 38. Rf8+ (
38. exf3 Nc4 39. f4 $14) 38... Kh7 39. Rxf3 Rxf3 40. Ng5+ Kg6 41. Nxf3 $14) 33.
exd3 f3 (33... Rxh3 34. Nxf4 Rh4 35. d4 (35. Re1 Nf3 36. Ng2 (36. Re4 Nd2+ $19)
36... Rh1+ 37. Ke2 Nxe1 38. Nxe1 Kf7 $17) (35. Ne2 $1 Rh1+ 36. Ng1 $16) 35...
Nc4 36. Ne6 Nxb2 37. Rd2 Nc4 38. Rd3 Kf7 39. d5 Rh1+ 40. Ke2 Ra1 $132) 34. Nf4
Rh4 35. Re1 $1 (35. d4 Nc4 36. Rc1 Nxb2 37. Rc8+ Kh7 38. Rh8+ Kxh8 39. Ng6+ Kg8
40. Nxh4 Nc4 41. Nxf3 Nxa3 $132) 35... Nd7 (35... Rxf4 36. Rxe5 $16) 36. Re7 (
36. Re8+ Kf7 37. Re7+ Kxe7 38. Ng6+ Kf6 (38... Kd6 39. Nxh4 Ne5 40. d4 Nc4 41.
Nxf3 Nxb2 42. Ke2 Nc4 43. Kd3 Nxa3 $132) 39. Nxh4 Ne5 40. d4 Nc4 41. Nxf3 Nxb2
42. Ne5 Ke6 43. Ke2 Kd5 $44) 36... Nc5 37. b4 $1 (37. d4 Nb3 38. Ne6 Rxh3 39.
Rxg7+ Kh8 40. Rg1 (40. d5 Rh1+ 41. Rg1 Nd2+ 42. Ke1 Rxg1+ 43. Kxd2 Rh1 (43...
Rg6 44. Ke3 $14) 44. Ke3 Rd1 $11) 40... Rh4 41. d5 Rc4 42. Rh1+ Kg8 43. Kg1
Rg4+ 44. Kh2 (44. Kf1 Rc4 45. Kg1 $11) 44... Rh4+ 45. Kg1 Rg4+ $11) 37... Rxf4
$8 38. bxc5 bxc5 39. Rxb7 Rd4 40. Rb3 $1 (40. Ke1 Rxd3 41. a4 Ra3 $11) 40... c4
41. Rc3 cxd3 (41... Rxd3 $4 42. Rxd3 cxd3 43. Ke1 $18) 42. Ke1 Rh4 $4 (42...
Re4+ 43. Kd2 Re2+ 44. Kxd3 Rxf2 45. Ke4 Ra2 $14 {This position is drawn.}) 43.
Rxd3 Rxh3 44. Kd2 Kf7 (44... g5 45. Rd5 Rh5 46. Rf5 $18) 45. a4 g5 46. a5 g4
47. a6 Rh8 48. a7 Ke6 49. Ra3 Ra8 50. Ke3 Kd5 51. Kf4 1-0

[Event "ISR-chT"]
[Site "Israel"]
[Date "1999.03.19"]
[Round "8.3"]
[White "Tyomkin, Dimitri"]
[Black "Shmuter, Leonid"]
[Result "1-0"]
[WhiteElo "2504"]
[BlackElo "2505"]
[Annotator "Tyomkin,D"]
[PlyCount "51"]
[EventDate "1999.01.??"]
[EventType "team"]
[EventRounds "11"]
[EventCountry "ISR"]
[SourceTitle "CBM 071"]
[Source "ChessBase"]
[SourceDate "1999.08.01"]
[SourceVersion "1"]
[SourceVersionDate "1999.08.01"]
[SourceQuality "1"]

1. d4 d5 2. c4 e6 3. Nf3 c5 4. cxd5 exd5 5. g3 Nf6 6. Bg2 Be7 7. O-O O-O 8. Nc3
Nc6 9. b3 Bg4 10. dxc5 Bxc5 11. Bb2 Re8 12. Rc1 Rc8 13. h3 Bf5 $146 {In this
position I have spent almost an hour for calculations of consequences of my
next tactical blow.} (13... Bxf3 14. Bxf3 Bd4 15. Ba3 (15. e3 Be5 16. Bg2 Ne4
17. Ba1 Qa5 18. Nxe4 dxe4 19. Bxe4 Bxa1 20. Bxc6 Red8 21. Bxb7 Rxd1 22. Rxc8+
Rd8 23. Rxd8+ Qxd8 24. Rc1 Bc3 25. Rxc3 Qd1+ 26. Kg2 $16 {1-0 Taimanov,
M-Geller,E/URS-ch44 1976 (47)}) 15... Ne4 16. Nxe4 dxe4 17. Bg4 Rb8 18. e3 Bb6
19. Bd7 Ne5 20. Bxe8 Qxe8 21. Qd5 $18 {1-0 Neidhardt,C-Szitas,G/FRA-chT 1991 
(30)}) (13... Bh5 14. Na4 Be7 15. Nc5 Qb6 16. Bxf6 Bxc5 17. Qxd5 Nb4 18. Qg5
Bg6 19. Ba1 Nxa2 20. Rc4 h6 21. Qd2 Nb4 22. Ne5 $14 {0-1 Vucic,M-Micic,C/
Belgrade GMA 1988 (40)}) (13... Be6 {Mikhalevski,V} 14. Na4 $1 $146 Bf8 15. Nc5
Qb6 (15... Qa5 16. Nxe6 fxe6 17. a3 $1) 16. Nxe6 fxe6 17. Ng5 $3 $16 {[%cal
Gd1d3,Ge2e4,Gb2f6] 0-1 Mikhalevski,V-Shmuter,L/ISR 1998/CBM 66/[Mikhalevski,V]
(58) /\Qd3;e4;B:f6/\N:d5.Suddenly White gets clear better position as the next
Black's move is almost binding.}) 14. Nxd5 $1 {[%mdl 64]} Bxf2+ 15. Rxf2 Nxd5 (
15... Qxd5 16. Qxd5 (16. Bxf6 Qxd1+ 17. Rxd1 gxf6 18. Nh4 Be4 19. Bxe4 Rxe4 20.
Nf5 Rd8 $1 {[%csl Rf2]}) 16... Nxd5 17. Nh4 (17. Nd4 Nxd4 18. Rxc8 Bxc8 $1 $14
{^^}) 17... Be4 18. Bxe4 Rxe4 19. Nf5 $16 {[%csl Rg7][%cal Rf5d6] /\Nd6,/\Ng7})
16. Ne5 $1 {[%mdl 64] This move I should find while has played 14.Nxd5.} (16.
Nh4 Be6 (16... Be4 17. Bxe4 Rxe4 18. Nf5 f6 $1 (18... Ne3 19. Qd3 $1) 19. Qd3
Re8 20. e4 $13) 17. Bxd5 Bxd5 18. Nf5 Be4 (18... g6 $13) 19. Nd6 Qg5 $132 {
[%cal Gc8d8]}) 16... Ne3 (16... Be6 {[%tqu "En","Find a tactical solution in
this position.","","","e5f7","",10]} 17. Nxf7 $1 Bxf7 18. Rxf7 Kxf7 19. Bxd5+
Kg6 (19... Ke7 20. Ba3+ Kf6 21. Qf1+ Kg6 22. Qf7+ Kh6 23. Rc4 $18) 20. Rc4 h5
21. Qd3+ Kh6 22. Bc1+ g5 23. h4 Kg7 24. Bb2+ $18) 17. Qxd8 Nxd8 18. Nc4 $1 {
[%csl Ge3][%mdl 4096] White has to remove the knight from e3. It forces white
to sacrifice a pawn,but receives in compensation the pair of bishops and an
activity of pieces.} (18. Rf3 $2 Nxg2 19. Rxf5 Rxc1+ (19... Ne3 20. Rxc8) 20.
Bxc1 g6 $1 {[%csl Re5]}) 18... Nxc4 ({During the game I was warried concerning
the following move,but even there white has remained better because the
advantage of pair of bishops.} 18... Bd7 $142 19. Nd6 (19. Nxe3 Rxe3 20. Rxc8
Bxc8 {[%csl Rf2] xRf2}) 19... Rxc1+ 20. Bxc1 Re5 21. Be4 $14 {[%csl Yc1,Ye4]
^^_|_}) (18... Nxg2 19. Rxf5 b5 20. Re5 $5 (20. Kxg2 $16) 20... Rxe5 21. Nxe5
Rxc1+ 22. Bxc1 Ne1 $16 {xNe1}) 19. Rxf5 $1 (19. Rxc4 $2 Rxc4 20. bxc4 Be4 {
[%csl Rf2]}) 19... Rxe2 20. Bd4 $1 $44 {[%csl Yd4,Yg2] ^^_|_} Nd6 21. Rxc8 Nxc8
22. Rc5 {[%cal Gc5c7] /\Rc7} Ne7 (22... Nb6 23. Rc7 Rxa2 24. Re7 {[%cal Ge7e8]}
Ne6 (24... Kf8 25. Bc5 $16) 25. Rxb7 $16 {[%cal Gb7b8]}) 23. Rc7 $16 a5 24. Bc5
Kf8 (24... Nec6 25. Bxc6 bxc6 26. Be7 $18 (26. Rc8 $18)) 25. Bxb7 Nxb7 $2 {
Black allows white to receive a little pleasure!} (25... f6 26. Bf3 Re5 27. a3
$18 {[%cal Gb3b4] /\b4o^b White passed pawn on the queenside will decide in
this ending.}) {[%tqu "En","","","","c7c8","",2]} 26. Rc8+ $1 1-0

[Event "Canadian op"]
[Site "Edmonton"]
[Date "2000.07.11"]
[Round "5"]
[White "Wells, Peter K"]
[Black "Schulte, Oliver"]
[Result "1/2-1/2"]
[WhiteElo "2506"]
[BlackElo "2392"]
[Annotator "Wells,P"]
[PlyCount "44"]
[EventDate "2000.07.08"]
[EventType "swiss"]
[EventRounds "10"]
[EventCountry "CAN"]
[SourceTitle "CBM 078"]
[Source "ChessBase"]
[SourceDate "2000.10.18"]
[SourceVersion "1"]
[SourceVersionDate "2000.10.18"]
[SourceQuality "1"]

1. Nf3 Nf6 2. c4 c5 3. Nc3 Nc6 4. g3 d5 5. d4 e6 6. cxd5 exd5 7. Bg2 Be7 8. O-O
cxd4 9. Nxd4 O-O 10. b3 Bg4 11. h3 Be6 12. Bb2 Qd7 13. Kh2 Nxd4 14. Qxd4 $14 b6
15. Rad1 $2 {[%cal Gc8c1,Yc1c8] White must be a little better before this
careless move. Instead of just piling up thoughtlessly on the isolated pawn
white should stake a claim to the c-file.} (15. Rac1 $1 $14) 15... Rac8 $1 {
[%cal Gc8c2] Of course!} 16. e3 (16. Nxd5 Bxd5 17. Bxd5 Qxd5 18. Qxd5 Nxd5 19.
Rxd5 Rc2 $132 {is not very promising. Premature 'cashing in!'}) 16... Rfd8 17.
Ne2 $5 {[%cal Ye2f4,Yd1c1,Yf1d1][%mdl 512] After a very long think. My
reasoning followed a model which I think is quite OK, namely: Stage 1) Decide
how you would ideally like to re-organise your pieces Stage 2) Check the
feasibility of this in terms of tactics and tempi. Here I was fairly clear
that I wanted the knight on f4. It was stage two which took the time, since
the game continuation needed to be carefully checked. One should not casually
invite a rook to invade on the 7th rank. So it is here that the 'sacrifice
medal' belongs. The point of decision is not 19 Qxf6, but has to be made
before.} Rc2 18. Rd2 Bc5 $6 {This is the move which Jonathan Rowson ( rightly)
criticised. It is interesting psychologically to consider that I had been so
concentrated on what follows that I had seriously underestimated the
alternative} (18... Rdc8 $1 $13 {which is basically fine for black. Pleased
with the knight redeployment, I has assumed that if it can be carried out it
must be worth an edge.} 19. Nf4 $140 Ng4+ $1 20. hxg4 Bf6 $132) 19. Qxf6 $8 {
'!' - I think in a sense a move can be both 'only' and 'good'.} gxf6 20. Rxc2 {
[%csl Rd5,Rf6][%cal Yb2f6,Yg2d5,Ye2f4,Yf1d1,Yf1c1,Yc1c7] White has huge
compensation for what is really not a great material deficit. All of my minor
pieces are or can be trained on black's weaknesses, while the rooks have a
pleasant choice between pressuring d5, or trying to evict the bishop from c5
and using the c-file.} Qe7 $8 21. Rd1 Bf5 $1 {The only good defensive idea. If
black remains passive white has ample ways to improve his pieces. The priority
is to exchange a pair of bishops, and at least create the slight potential for
a hint of counterplay against white's king.} 22. Rcd2 $138 Be4 {I had consumed
too much time in general ( surprise, surprise ) but when Oliver played 22...
Be4 and offered a draw I still had enough to play on. Unfortunately I suffered
either a loss of confidence or an inability to make decisions, and by the time
I was ready to move the clock was a very serious factor. Too much respect for
the queen? For the record:} (22... Be4 23. Nf4 (23. f3 $2 Bxe3 24. fxe4 Bxd2
25. Rxd2 dxe4 {favours black!}) 23... Bxg2 24. Kxg2 d4 25. Bxd4 (25. exd4 Bd6
$13) 25... Qb7+ $1 (25... Bxd4 26. Rxd4 $1 Rxd4 27. exd4 $1 {This was very
instructive for me - my instinct was either to immediately capture with the
pawn, or to 'keep structure', whereas in fact our analysis showed that with
the exchange of one pair of rooks, the potency of white's passed pawn greatly
increases.}) 26. Kg1 Bb4 $1 27. Rc2 (27. Rd3 Qf3) 27... Rc8 {and black retains
sufficient activity that white's advantage is not easy to realise.}) 1/2-1/2

[Event "Bergen Sommer op"]
[Site "Bergen"]
[Date "2002.07.22"]
[Round "3"]
[White "Yakovich, Yuri"]
[Black "Bach, Matthias"]
[Result "1-0"]
[WhiteElo "2586"]
[BlackElo "2314"]
[Annotator "Yakovich,Y"]
[PlyCount "49"]
[EventDate "2002.07.20"]
[EventType "swiss"]
[EventRounds "9"]
[EventCountry "NOR"]
[SourceTitle "CBM 091"]
[Source "ChessBase"]
[SourceDate "2002.11.12"]
[SourceVersion "1"]
[SourceVersionDate "2002.11.12"]
[SourceQuality "1"]

1. d4 d5 2. c4 e6 3. Nf3 c5 4. cxd5 exd5 5. g3 Nc6 6. Bg2 Nf6 7. O-O Be7 8. Nc3
O-O 9. Bg5 c4 10. Ne5 Be6 11. b3 Qa5 12. Nxc6 bxc6 13. Qc2 Rfd8 14. e3 c5 $6
$146 {Active but dubious decision. More reliably and better is 14...Rac8} 15.
bxc4 cxd4 16. Nxd5 $1 $146 ({Nothing promises} 16. Bxf6 $2 Bxf6 17. Nxd5 Bxd5
18. Bxd5 dxe3 {1/2-1/2 Hegeler,F-Blauert,J/Germany 1997/GER-chT2 (20)}) 16...
Nxd5 (16... Bxd5 17. cxd5 Rac8 18. Qf5 $16) 17. cxd5 Rac8 18. Qe4 $1 {A key
move. After} (18. Qb3 $6 Bxd5 19. Bxd5 Bxg5 20. Bxf7+ Kh8 21. exd4 Bf6 $1 $14 {
Black has good chanses for draw.}) 18... Bxg5 (18... Bxd5 $2 19. Qxe7 Bxg2 20.
Kxg2 Re8 21. Rac1 $1 Rb8 22. Qc5 $18) 19. dxe6 f5 (19... fxe6 20. Qxe6+ Kh8 21.
exd4 Bf6 22. Rad1 $18) 20. Qb7 $1 {the point of white's idea.} dxe3 21. fxe3
Bxe3+ (21... Rc7 22. Qf3 $16 (22. Qb3 Rc3)) 22. Kh1 $16 {The position I was
heading for at move 18. White has clear advantage in spite of an equal
material. Black can not stop pawn e6 without material losses.} Kh8 $6 {Natural
desire to hide the king in more reliable place leads to immediate defeat. But}
(22... Rc7 {doesn't save game too, for example:} 23. Qb3 $1 (23. Rxf5 $5 Qxf5
24. Qxc7 Bb6 $16) 23... Rc3 24. Rxf5 $1 Rxb3 25. Rxa5 Rc3 26. e7 Re8 27. Bd5+
Kh8 28. Rf1 Rcc8 29. Be6 Rb8 30. Rb5 $1 Bb6 (30... Ra8 31. Bd5 $1 Rac8 32. Bb7)
31. Rbf5 $18) 23. Rae1 $1 (23. e7 $2 Re8 24. Rae1 Rc7 $11) 23... f4 (23... Bg5
24. e7 Re8 25. Qxc8 $18) (23... Qc3 24. Qf3 $1 Bd2 25. e7 $1 Bxe1 (25... Re8
26. Qxf5 $1 $18) 26. exd8=Q+ Rxd8 27. Qxf5 g6 28. Qe6 Bd2 29. Qe7 Rg8 30. Rf7
Qc1+ 31. Bf1 Qc6+ 32. Kg1 $18) 24. e7 $1 Re8 25. Rxe3 {25...gf4 26Qc8 +-} 1-0